000
00301nam a2200133Ia 4500
100
_a
Naidu M.S./ Kamakshaih
942
_c
BK
654
_a
Electrical Engg
245
_a
Int to Electrical Engg
260
_b
Tata Mc Graw hill
_a
New Delhi
_c
1995
300
_a
741
546
_a
ENGLISH
999
_c
20156
_d
20156